Export Ready — 

Risālat al-Qayrawānī.

Saved in:

Main Author: Ibn Abī Zayd al-Qayrawānī, ʻAbd Allāh ibn ʻAbd al-Raḥmān, active 10th century.

Format: Book

Language: Arabic

Published: Miṣr : Maṭbaʻat Muṣṭafá al-Bābī al-Ḥalabī wa-awlāduhu, 1949.

Edition: al-Ṭabʻah 2.

Subjects:

Tags: Add Tag

No Tags, Be the first to tag this record!

Call Number: BP154 .I2 1949

LEADER 00722nam a2200217Ia 4500
003 OSt
005 20241111134525.0
008 231106s1949 ua r 000 0 ara d
999 |c 54983  |d 54983 
040 |c ARCE Library 
050 4 |a BP154 .I2 1949 
100 1 |a Ibn Abī Zayd al-Qayrawānī, ʻAbd Allāh ibn ʻAbd al-Raḥmān,   |d active 10th century. 
245 1 0 |a Risālat al-Qayrawānī. 
250 |a al-Ṭabʻah 2. 
264 1 |a Miṣr :   |b Maṭbaʻat Muṣṭafá al-Bābī al-Ḥalabī wa-awlāduhu,   |c 1949. 
300 |a 127 p. ;   |c 21 cm. 
650 0 |a Islam -- Customs and practices. 
650 0 |a Islamic law -- Early works to 1800. 
650 0 |a Malikites -- Early works to 1800. 
901 |a reviewed 
942 |2 lcc  |c BK